000 01021cam a2200253 a 4500
001 000626274
003 AM-YeHGA
005 20250617140247.0
008 880328s1988 enka b 101 0 eng d
020 _a1851662332
040 _aAM-YeHGA
041 0 _aeng
_afre
110 2 _aSociete pour l'algologie appliquee.
_bInternational Meeting
_n(4th :
_d1987 :
_cVilleneuve-d'Ascq, France)
245 1 0 _aAlgal biotechnology /
_cEd. by T. Stadler ... et al.
260 _aLondon ;
_aNew York :
_bElsevier Applied Science ;
_aNew York, NY, USA :
_bSole distributor in the USA and Canada, Elsevier Science Publ. Co.,
_c1988.
300 _axii, 520 p. :
_bill. ;
_c25 cm.
500 _a"Proceedings of the 4th International Meeting of the SAA, held in Villeneuve d'Ascq, France, 15-17 September 1987."
500 _aPreface in English and French.
504 _aIncludes bibliographies and indexes.
650 1 4 _aAlgae
_xBiotechnology
_xCongresses.
700 1 _aStadler, Thierry
_4edt
942 _2udc
_cBK
090 _c218105
999 _c216582
_d216582